A SalesForce vállalatirányítási rendszer használata az ABB-nél

Bibliographic Details
Main Author: Szabó Júlia Erika
Other Authors: Sándor Ágnes
Format: Thesis
Kulcsszavak:CRM - Customer Relationship Management, Salesforce, Ügyfélkapcsolat-menedzsment
Online Access:http://dolgozattar.uni-bge.hu/20655

MARC

LEADER 00000nta a2200000 i 4500
001 dolg20655
005 20190506100558.0
008 190506suuuu hu om 000 hun d
040 |a BGE Dolgozattár Repozitórium  |b hun 
041 |a hu 
100 1 |a Szabó Júlia Erika 
245 1 2 |a A SalesForce vállalatirányítási rendszer használata az ABB-nél  |c Szabó Júlia Erika  |h [elektronikus dokumentum] 
246 1 1 |a A SalesForce vállalatirányítási rendszer használata az ABB-nél 
695 |a CRM - Customer Relationship Management, Salesforce, Ügyfélkapcsolat-menedzsment 
700 1 |a Sándor Ágnes  |e ths 
856 4 0 |u http://dolgozattar.uni-bge.hu/20655/1/Szab%C3%B3J%C3%BAliaErika_SZD_0505.pdf  |z Dokumentum-elérés 
856 4 0 |u http://dolgozattar.uni-bge.hu/20655/2/Titkos%C3%ADt%C3%A1si.pdf  |z Dokumentum-elérés